Analýza výroby vo vybranom podniku bakalárska práca

Saved in:
Bibliographic Details
Main Author: Hladká, Zuzana
Corporate Author: Fakulta podnikového manažmentu EU. Katedra manažmentu výroby a logistiky - zrušená
Other Authors: Lichnerová, Linda
Format: Book
Language:Slovak
Published: Bratislava 2011
Tags: Add Tag
No Tags, Be the first to tag this record!

MARC

LEADER 00000nbm a2200000 4500
001 0131749
005 20161109111424.5
041 0 |a slo 
044 |a SK 
245 1 0 |a Analýza výroby vo vybranom podniku  |b bakalárska práca  |c Zuzana Hladká ; školiteľ: Linda Lichnerová 
264 1 |a Bratislava  |c 2011 
300 |a 49 s. 
100 1 |a Hladká, Zuzana 
700 1 |a Lichnerová, Linda 
710 2 |a Fakulta podnikového manažmentu EU. Katedra manažmentu výroby a logistiky - zrušená